| 000 | 004590000a22001810004500 | ||
|---|---|---|---|
| 003 | MACL | ||
| 005 | 20151231115217.0 | ||
| 008 | 151231b xxu||||| |||| 00| 0 eng d | ||
| 040 |
_aMACL _cMACL |
||
| 041 | _aEnglish | ||
| 082 | _a330.54/PAT | ||
| 100 |
_aPatel, M L _923747 |
||
| 245 | _aAgro Economic Problems of Tribal India | ||
| 260 |
_bProgress Publishers _c1972 _aBhopal |
||
| 350 | _a25 | ||
| 650 |
_aEconomics _925436 |
||
| 942 |
_cBK _k330.54/PAT _2ddc |
||
| 999 |
_c36092 _d36092 |
||